سفير الارواح العليا او مقتطفات من تعاليم السيد سلقربرش

Bibliographic Details
Main Author: اوستن, ا. و (Author)
Format: Book
Published: Qahirah : Maktabah al-Nahdah al-Misriyah , 1978
Subjects:

MARC

LEADER 00000cam a2200000 7i4500
001 0000000734
005 20061114093000.0
008 021118s1978
090 0 0 |a BD421   |b .A914 1978 
100 0 |a اوستن, ا. و ,   |e author 
241 2 0 |a Safir al-arwah al-`ulya 
245 1 0 |a سفير الارواح العليا او مقتطفات من تعاليم السيد سلقربرش   |c ا. و. اوستن ; ترجمها علي عبد الجليل رضى 
260 2 |a Qahirah :   |b Maktabah al-Nahdah al-Misriyah ,   |c 1978 
300 |a 193 p. ;   |c 20 cm. 
650 0 |a Spirituality 
650 0 |a Spirit 
999 |a 1000012904   |b Book   |c OPEN SHELF (30 DAYS)   |e Gong Badak Campus 
999 |a 1000075892   |b Book   |c OPEN SHELF (30 DAYS)   |e Gong Badak Campus